| 000 | 00756nam 22002533 4500 | ||
|---|---|---|---|
| 001 | 198815 | ||
| 010 | _a972-662-965-9 | ||
| 021 |
_aPT _b209 582/2004 |
||
| 090 | _a198815 | ||
| 100 | _a20251104d u||y0pory50 ba | ||
| 101 | _apor | ||
| 102 | _aPT | ||
| 200 |
_aO significado do véu _fChahdortt Djavann _gtradução Margarida Sérvulo Correia |
||
| 210 |
_aLisboa _cGradiva _d2004 |
||
| 215 |
_a55 p. _cil. ; brochado _d21 cm |
||
| 225 |
_aPanfletos _v19 |
||
| 304 | _a. - Título original: Bas les voiles ! | ||
| 606 |
_912740 _aReligiões e cultos não cristãos |
||
| 675 |
_a29 _vPT _zpor |
||
| 700 |
_914731 _aDjavann _bChahdortt _f1967- |
||
| 702 |
_96859 _aCorreia _bMargarida Sérvulo |
||
| 801 |
_aPT _bBMMN _gRPC |
||
| 830 |
_cAna _fAna |
||
| 990 | _cLIVROS | ||